000 00687nam a2200241 i 4500
001 C2-0300759
003 PPAK
005 20180728082225.0
008 091119s2008 io |||| ||||| | may d
020 _a9795922033
040 _aPPAK
_beng
_cPPAK
_erda
082 0 4 _a297.648
_223
090 0 0 _a297.648
_bBAS
_dR
100 1 _aBastoni, Hepi Andi,
_eauthor
245 1 0 _a101 sahabat nabi
264 1 _aJakarta, Indonesia :
_bPustaka Al-Kautsar ,
_c2008
300 _axxviii, 603 pages ;
_c25 cm
336 _2rdacontent
_atext
337 _2rdamedia
_aunmediated
338 _2rdacarrier
_avolume
650 1 0 _aMuhammad, Prophet, d. 632 - Friends and associates.
942 _ddc
_cB
999 _c104613
_d104613